[Event "AUTO-MASTER-1601"]
[Site "http://www.queenalice.com/game.php?id=1035816"]
[Date "2012.3.4"]
[Round "1"]
[White "Flechaligeira"]
[Black "Ferdyrojo"]
[Result "1-0"]
[WhiteElo "2038"]
[BlackElo "2011"]

1. d4 Nf6 2. c4 g6 3. Nf3 Bg7 4. Nc3 d5 5. cxd5 Nxd5 6. e4 Nxc3 7. bxc3 c5 8.
Be3 cxd4 9. cxd4 O-O 10. Be2 Nc6 11. O-O b6 12. Rc1 Bb7 13. d5 Ne5 14. Nxe5 Bxe5
15. f4 Bg7 16. Bf3 Rc8 17. Qa4 Rxc1 18. Rxc1 a6 19. Qb4 b5 20. Qc5 Re8 21. Qc7
Qc8 22. Qb6 Qa8 23. Rc7 Rb8 24. e5 Bf8 25. f5 gxf5 26. Rd7 Bxd5 27. Bxd5 Rxb6
28. Bxa8 Re6 29. Bf4 Kg7 30. Bd5 Rg6 31. Kf1 e6 32. Bf3 Bc5 33. Bh5 1-0

[Event "AUTO-MASTER-1601"]
[Site "http://www.queenalice.com/game.php?id=1035831"]
[Date "2012.3.4"]
[Round "1"]
[White "umuaramaakira"]
[Black "Flechaligeira"]
[Result "1-0"]
[WhiteElo "2049"]
[BlackElo "2102"]

1. d4 Nf6 2. c4 g6 3. Nf3 Bg7 4. Nc3 O-O 5. e4 d6 6. Be2 e5 7. d5 Nbd7 8. O-O
Nc5 9. Qc2 a5 10. Bg5 b6 11. a3 Bb7 12. b4 axb4 13. axb4 Ncd7 14. Rfc1 h6 15.
Bh4 g5 16. Bg3 1-0

[Event "AUTO-MASTER-1601"]
[Site "http://www.queenalice.com/game.php?id=1035832"]
[Date "2012.3.4"]
[Round "1"]
[White "Flechaligeira"]
[Black "umuaramaakira"]
[Result "0-1"]
[WhiteElo "2084"]
[BlackElo "2067"]

1. d4 d5 2. c4 c6 3. Nf3 Nf6 4. Nc3 e6 5. Bg5 Be7 6. e3 Nbd7 7. Bd3 dxc4 8. Bxc4
b5 9. Bd3 a6 10. Qc2 c5 11. Bxf6 Nxf6 12. dxc5 Bxc5 13. Nxb5 axb5 14. Bxb5+ Bd7
15. Bxd7+ Nxd7 0-1

[Event "AUTO-MASTER-1601"]
[Site "http://www.queenalice.com/game.php?id=1035843"]
[Date "2012.3.4"]
[Round "1"]
[White "Flechaligeira"]
[Black "sia"]
[Result "1-0"]
[WhiteElo "2026"]
[BlackElo "1887"]

1. d4 d5 2. c4 c6 3. Nc3 e6 4. Nf3 Bb4 5. e3 Nf6 6. Bd3 dxc4 7. Bxc4 Ne4 8. Qc2
f5 9. O-O Bxc3 10. bxc3 Qa5 11. Bd2 O-O 12. Ne5 c5 13. Be1 b5 14. Be2 c4 15. f3
Nf6 16. a4 Nd5 17. Bd2 Bb7 18. axb5 Qxb5 19. Rfb1 Nxe3 20. Bxe3 Qd5 21. Bxc4 Qd6
22. Rxb7 Nc6 23. Nxc6 Qxc6 24. Qb3 Rfe8 25. Ra6 Qc8 26. Rxe6 Kh8 27. Bh6 gxh6
28. Rxh6 Re1+ 29. Kf2 Qxc4 30. Rhxh7+ Kg8 31. Qxc4+ Kf8 32. Qf7# 1-0

[Event "AUTO-MASTER-1601"]
[Site "http://www.queenalice.com/game.php?id=1035844"]
[Date "2012.3.4"]
[Round "1"]
[White "sia"]
[Black "Flechaligeira"]
[Result "0-1"]
[WhiteElo "1783"]
[BlackElo "2072"]

1. g3 Nf6 2. Bg2 g6 3. Nf3 Bg7 4. d4 O-O 5. e3 d6 6. O-O c6 7. c4 Bg4 8. Qb3 Qc7
9. Nc3 Nbd7 10. Nd2 a5 11. d5 Nc5 12. Qc2 Qd7 13. f3 Bh3 14. Nde4 Bxg2 15. Nxc5
dxc5 16. Qxg2 Rad8 17. dxc6 Qxc6 18. e4 e6 19. Bg5 h6 20. Be3 Ne8 21. Qh3 Kh7
22. g4 Rd3 23. Rfe1 Rxe3 24. Rxe3 Bd4 25. f4 Nd6 26. Kf1 Bxe3 27. Qxe3 Nxc4 28.
Qe2 Nd6 29. Rd1 b5 30. Qd3 Rd8 31. Nxb5 Nb7 32. Qe2 Rxd1+ 33. Qxd1 Qxb5+ 34. Qe2
Qxe2+ 35. Kxe2 f5 36. g5 fxe4 37. Ke3 Nd6 38. h4 hxg5 39. hxg5 Kg7 40. b3 Kf7
41. a3 Ke7 42. a4 Kd7 43. Kd2 Kc6 44. Kc3 Kd5 45. Kc2 Kd4 46. Kd2 e3+ 47. Ke2
Nf5 48. Ke1 Kd3 49. Kd1 e2+ 50. Ke1 Nd4 51. b4 Nf3+ 52. Kf2 e1=Q+ 53. Kxf3 Qf1+
54. Kg4 Ke3 55. bxc5 Qf3+ 56. Kh4 Qxf4+ 57. Kh3 Kf3 58. c6 Qg3# 0-1

[Event "AUTO-OPEN-2635"]
[Site "http://www.queenalice.com/game.php?id=1040056"]
[Date "2012.3.17"]
[Round "1"]
[White "rama123"]
[Black "Flechaligeira"]
[Result "1-0"]
[WhiteElo "1971"]
[BlackElo "2045"]

1. d4 d5 2. Nf3 c6 3. Bf4 Nf6 4. e3 Bf5 5. Nbd2 e6 6. Be2 Bd6 7. Ne5 O-O 8. c3
Bxe5 9. Bxe5 Nbd7 10. Nf3 Be4 11. O-O h6 12. Bd6 Re8 13. Qb3 Nb6 14. Bg3 Bxf3
15. Bxf3 Qd7 16. Be5 Nh7 17. e4 f6 18. Bf4 Nc4 19. exd5 exd5 20. Qc2 Ng5 21.
Bxg5 hxg5 22. h3 Re7 23. Bh5 Qe6 24. Bg4 Qd6 25. b3 Na3 26. Qg6 Re4 27. Bf5 1-0

[Event "AUTO-OPEN-2635"]
[Site "http://www.queenalice.com/game.php?id=1040057"]
[Date "2012.3.17"]
[Round "1"]
[White "Flechaligeira"]
[Black "rama123"]
[Result "1-0"]
[WhiteElo "2053"]
[BlackElo "1964"]

1. e4 c5 2. Nf3 Nc6 3. d4 cxd4 4. Nxd4 Qb6 5. Nxc6 bxc6 6. Nc3 d6 7. Bd3 e5 8.
O-O Be6 9. h3 Nf6 10. Ne2 Be7 11. b3 O-O 12. Be3 Qc7 13. c4 Qc8 14. Rc1 Bxh3 15.
gxh3 Qxh3 16. f3 Nh5 17. Rf2 Qe6 18. Rh2 g6 19. Qf1 Bf6 20. Qg2 Bg7 21. Kh1 Nf4
22. Nxf4 exf4 23. Bxf4 Bd4 24. Qg5 Qf6 25. Qxf6 Bxf6 26. Bxd6 Rfd8 27. c5 Be5
28. Bxe5 Rxd3 29. f4 Re3 30. Rc4 Rd8 31. Rhc2 Rd1+ 32. Kg2 h5 33. Bf6 Rdd3 34.
Rb4 Rg3+ 35. Kf1 1-0

[Event "AUTO-OPEN-2635"]
[Site "http://www.queenalice.com/game.php?id=1040073"]
[Date "2012.3.17"]
[Round "1"]
[White "Flechaligeira"]
[Black "Norfair"]
[Result "0-1"]
[WhiteElo "2055"]
[BlackElo "2141"]

1. e4 c5 2. Nf3 d6 3. d4 cxd4 4. Nxd4 Nf6 5. Nc3 a6 6. Bg5 e6 7. f4 Nbd7 8. Qf3
Qc7 9. O-O-O b5 10. Bd3 Bb7 11. Bxf6 Nxf6 12. a3 Be7 0-1

[Event "Reto del camino amarillo"]
[Site "http://www.queenalice.com/game.php?id=1088350"]
[Date "2012.7.28"]
[Round "-"]
[White "Diadoco"]
[Black "Flechaligeira"]
[Result "1-0"]
[WhiteElo "2163"]
[BlackElo "2089"]

1. e4 c5 2. Nf3 Nc6 3. d4 cxd4 4. Nxd4 Nf6 5. Nc3 e5 6. Ndb5 d6 7. Bg5 a6 8.
Bxf6 gxf6 9. Na3 Be6 10. Nc4 b5 11. Ne3 Bh6 12. Ncd5 Bxe3 13. Nxe3 O-O 14. g3
Kh8 15. Bg2 Rc8 16. O-O b4 17. c3 bxc3 18. bxc3 Na5 19. Qd2 Nc4 20. Nxc4 Rxc4
21. Rfd1 Qc7 22. Qxd6 1-0

[Event "Reto del camino amarillo 2"]
[Site "http://www.queenalice.com/game.php?id=1088352"]
[Date "2012.7.28"]
[Round "-"]
[White "Flechaligeira"]
[Black "Diadoco"]
[Result "0-1"]
[WhiteElo "2089"]
[BlackElo "2181"]

1. e4 e5 2. Nf3 Nc6 3. Bb5 a6 4. Ba4 Nf6 5. O-O Be7 6. Re1 b5 7. Bb3 O-O 8. c3
d5 9. exd5 Nxd5 10. Nxe5 Nxe5 11. Rxe5 c6 12. d4 Bd6 13. Re2 Qh4 14. g3 Qh5 15.
Nd2 Bh3 16. a4 Bg4 17. f3 Bxf3 18. Nxf3 Qxf3 19. axb5 axb5 20. Rxa8 Rxa8 0-1

[Event "AUTO-OPEN-2773"]
[Site "http://www.queenalice.com/game.php?id=1096202"]
[Date "2012.8.25"]
[Round "1"]
[White "markim03"]
[Black "Flechaligeira"]
[Result "1-0"]
[WhiteElo "1788"]
[BlackElo "2009"]

1. d4 Nf6 2. c4 g6 3. Nc3 Bg7 4. Nf3 O-O 5. e4 d6 6. Bd3 c5 7. d5 Bg4 8. O-O
Nbd7 9. h3 Bxf3 10. Qxf3 Ne5 11. Qe2 Nxd3 12. Qxd3 a6 13. Bg5 h6 14. Bxf6 Bxf6
15. Rab1 b5 16. cxb5 axb5 17. Qxb5 Rb8 18. Qe2 Qa5 19. f3 Bxc3 20. bxc3 Qxc3 21.
Rfc1 Qd4+ 22. Qf2 Qa4 23. Rb2 Rxb2 24. Qxb2 Ra8 25. Rc2 Qa5 26. Kf2 Qa3 27. Qxa3
Rxa3 28. Kg3 Kg7 29. Rb2 Kf6 30. h4 Ra4 31. Kh3 c4 32. Rc2 Ke5 33. Rb2 Kd4 34.
Rb7 1-0

[Event "AUTO-OPEN-2773"]
[Site "http://www.queenalice.com/game.php?id=1096203"]
[Date "2012.8.25"]
[Round "1"]
[White "Flechaligeira"]
[Black "markim03"]
[Result "1-0"]
[WhiteElo "2076"]
[BlackElo "1888"]

1. d4 d5 2. c4 e6 3. Nf3 Nf6 4. e3 Be7 5. Bd3 dxc4 6. Bxc4 O-O 7. O-O c5 8. Nc3
a6 9. a4 Nbd7 10. h3 cxd4 11. exd4 b6 12. Qe2 Bb7 13. Re1 Re8 14. Ne5 Nxe5 15.
dxe5 Nd7 16. Bf4 Bc5 17. Rad1 f6 18. exf6 gxf6 19. Bxe6+ Kg7 20. Qg4+ Kf8 21.
Rxd7 Qxd7 22. Qg8+ 1-0

[Event "AUTO-OPEN-2773"]
[Site "http://www.queenalice.com/game.php?id=1096226"]
[Date "2012.8.25"]
[Round "1"]
[White "Flechaligeira"]
[Black "Deca10"]
[Result "0-1"]
[WhiteElo "1978"]
[BlackElo "1821"]

1. d4 e6 2. c4 b6 3. Nf3 Bb7 4. a3 d6 5. Nc3 d5 6. cxd5 exd5 7. Bf4 Nf6 8. e3
Bd6 9. Bxd6 Qxd6 10. Bd3 O-O 11. O-O c6 12. h3 h6 13. Rc1 Re8 14. b4 b5 15. a4
a6 16. a5 Bc8 17. Ne5 Nbd7 18. f4 Qe7 0-1

[Event "AUTO-OPEN-2773"]
[Site "http://www.queenalice.com/game.php?id=1096227"]
[Date "2012.8.25"]
[Round "1"]
[White "Deca10"]
[Black "Flechaligeira"]
[Result "1-0"]
[WhiteElo "1815"]
[BlackElo "2060"]

1. e4 c5 2. Nc3 d6 3. d3 g6 4. b3 Bg7 5. Bb2 Nf6 6. h3 O-O 7. Nf3 Nc6 8. Rb1 a6
9. Be2 b5 10. a3 Bb7 11. O-O Rc8 12. Nd5 1-0

[Event "AUTO-OPEN-2773"]
[Site "http://www.queenalice.com/game.php?id=1096228"]
[Date "2012.8.25"]
[Round "1"]
[White "Flechaligeira"]
[Black "acm_chessmaster"]
[Result "0-1"]
[WhiteElo "2006"]
[BlackElo "1763"]

1. d4 d5 2. c4 dxc4 3. e3 b5 4. a4 c6 5. axb5 cxb5 6. Nf3 f6 7. b3 Be6 8. d5
Qxd5 9. Qxd5 Bxd5 10. bxc4 Bxf3 11. gxf3 bxc4 12. Bxc4 e5 13. Bd5 Nc6 14. Bxc6+
Kf7 15. Bxa8 Bb4+ 16. Bd2 Bxd2+ 17. Nxd2 Ne7 18. Rxa7 Ke6 19. Ke2 g6 20. Rha1
Nc6 21. R1a6 Kf5 0-1

[Event "AUTO-OPEN-2773"]
[Site "http://www.queenalice.com/game.php?id=1096229"]
[Date "2012.8.25"]
[Round "1"]
[White "acm_chessmaster"]
[Black "Flechaligeira"]
[Result "1-0"]
[WhiteElo "1735"]
[BlackElo "2034"]

1. e4 c5 2. Nf3 Nc6 3. d4 cxd4 4. Nxd4 Nf6 5. Nxc6 bxc6 6. Bd3 e5 7. O-O Be7 8.
Nc3 O-O 9. a3 d5 10. exd5 cxd5 11. Qe2 Bd6 12. Bg5 Bb7 13. Ba6 Bxa6 14. Qxa6 Be7
15. Rfe1 d4 16. Nb5 Qb8 17. b4 Qb6 18. Qa4 a6 19. Qa5 Qxa5 20. bxa5 axb5 21. Bd2
Bd6 22. Bb4 1-0

[Event "AUTO-MASTER-1719"]
[Site "http://www.queenalice.com/game.php?id=1096260"]
[Date "2012.8.25"]
[Round "1"]
[White "Flechaligeira"]
[Black "ocbruno"]
[Result "0-1"]
[WhiteElo "2084"]
[BlackElo "1888"]

1. d4 Nf6 2. c4 g6 3. Nc3 Bg7 4. e4 d6 5. Nf3 O-O 6. Be2 Bg4 7. O-O Bxf3 8. Bxf3
Nbd7 9. h3 e5 10. d5 Qc8 11. Bg5 c6 12. Rc1 cxd5 13. cxd5 Qc4 14. Be3 Nc5 15.
Bxc5 Qxc5 16. Na4 Qa5 17. b3 b5 18. Nc3 Rac8 19. Qd2 Rc7 20. Be2 Rfc8 0-1

[Event "AUTO-MASTER-1719"]
[Site "http://www.queenalice.com/game.php?id=1096261"]
[Date "2012.8.25"]
[Round "1"]
[White "ocbruno"]
[Black "Flechaligeira"]
[Result "1-0"]
[WhiteElo "1922"]
[BlackElo "1980"]

1. e4 c5 2. Nf3 Nc6 3. c3 d5 4. e5 e6 5. d4 Nge7 6. g3 cxd4 7. cxd4 Qb6 8. Bg2
Ng6 9. O-O Be7 10. Nbd2 O-O 11. b3 Nxd4 12. Bb2 Nc6 13. a4 a5 14. Ba3 Bxa3 15.
Rxa3 Ncxe5 16. Qe2 Nxf3+ 17. Bxf3 Qb4 18. Ra2 Bd7 19. Rc2 Rac8 20. Rfc1 Bc6 21.
Bh5 d4 22. Rc4 1-0

[Event "AUTO-MASTER-1719"]
[Site "http://www.queenalice.com/game.php?id=1096262"]
[Date "2012.8.25"]
[Round "1"]
[White "Flechaligeira"]
[Black "carlosfed"]
[Result "0-1"]
[WhiteElo "1956"]
[BlackElo "1743"]

1. d4 d5 2. Nf3 g6 3. c4 Bg7 4. Nc3 dxc4 5. e3 a6 6. Bxc4 Nf6 7. O-O Bg4 8. h3
Bd7 9. a4 O-O 10. e4 c6 11. e5 Ne8 12. a5 Qc8 13. Re1 Be6 14. Bd3 Nd7 15. b4 b5
16. Be3 f6 17. exf6 Nexf6 18. Rc1 Nd5 19. Nxd5 Bxd5 20. Qc2 Bxf3 21. gxf3 Rxf3
22. Kg2 Rf6 23. Bg5 Rf7 24. Qb3 Kf8 25. d5 Kg8 26. Bxe7 Ne5 27. d6 Nxd3 28. Qxd3
Qd7 29. Qb3 Bf8 30. Rc3 Kg7 31. Rf3 Rxf3 32. Qxf3 Kg8 33. Qf6 Bg7 34. Qh4 Re8
0-1

[Event "AUTO-MASTER-1719"]
[Site "http://www.queenalice.com/game.php?id=1096263"]
[Date "2012.8.25"]
[Round "1"]
[White "carlosfed"]
[Black "Flechaligeira"]
[Result "0-1"]
[WhiteElo "1907"]
[BlackElo "1997"]

1. e4 c5 2. Bc4 e6 3. Nf3 d5 4. exd5 exd5 5. Bb5+ Bd7 6. Bxd7+ Nxd7 7. d4 Ngf6
8. Nc3 Be7 9. Be3 cxd4 10. Bxd4 O-O 11. O-O Rc8 12. Rb1 Nb6 13. Qd3 h6 14. b3
Bb4 15. Ne2 Bd6 16. Be5 Bxe5 17. Nxe5 Qc7 18. Qg3 Qxc2 19. Nd4 Qe4 20. Ndf3 Rc2
21. Ra1 Rfc8 22. Rfe1 Qb4 23. Nd3 Qc3 24. Nfe5 Ne4 25. Qf3 Nf6 26. g4 Nbd7 27.
Nxd7 Nxd7 28. Re7 Qxa1+ 29. Kg2 Nf6 30. Nb4 Rc1 31. Nxd5 Rg1+ 32. Kh3 Qf1+ 0-1

[Event "AUTO-MASTER-1719"]
[Site "http://www.queenalice.com/game.php?id=1096264"]
[Date "2012.8.25"]
[Round "1"]
[White "Flechaligeira"]
[Black "mtdfbsb"]
[Result "1-0"]
[WhiteElo "1962"]
[BlackElo "2007"]

1. d4 d5 2. c4 c6 3. Nc3 Nf6 4. Nf3 e6 5. Bg5 Be7 6. e3 Nbd7 7. Bd3 dxc4 8. Bxc4
h6 9. Bxf6 gxf6 10. e4 Qb6 11. Qe2 Rg8 12. O-O e5 13. Rad1 Nf8 14. dxe5 Bh3 15.
Nh4 f5 16. Bxf7+ Kxf7 17. Qh5+ Ke6 18. exf5+ Kxe5 19. Rfe1+ Kf6 20. Ne4+ Kg7 21.
f6+ Kh7 22. fxe7 Ne6 23. Nf6+ 1-0

[Event "AUTO-MASTER-1719"]
[Site "http://www.queenalice.com/game.php?id=1096265"]
[Date "2012.8.25"]
[Round "1"]
[White "mtdfbsb"]
[Black "Flechaligeira"]
[Result "0-1"]
[WhiteElo "2004"]
[BlackElo "1980"]

1. d4 Nf6 2. c4 g6 3. Nc3 Bg7 4. e4 d6 5. f4 O-O 6. Nf3 c5 7. Be3 cxd4 8. Bxd4
Nc6 9. Bxf6 Bxf6 10. Qb3 Nd4 11. Nxd4 Bxd4 12. O-O-O Be3+ 13. Kb1 Bxf4 14. Nd5
Be5 15. h4 e6 16. Ne3 a5 17. Ng4 a4 18. Qf3 Bg7 19. h5 Qb6 20. Nf6+ Bxf6 21.
Qxf6 Qd8 22. Qc3 e5 23. c5 Be6 24. Rxd6 Qa5 25. Qxe5 Qe1+ 26. Kc2 Bxa2 27. h6
Bb1# 0-1